000 00643nam a22002537a 4500
003 UA-OsUOA
001 26741
007 ta
008 20040608b un ||||| |||| 00| 0 ukr d
100 _aКарпачев Ю.А.
700 _aКореневский Д.Г.
090 _a629
_bК26
942 _cBK
040 _aUA-OsUOA
_brus
_cUA-OsUOA
_dUA-OsUOA
245 _aНекоторые задачи инерциального управления
300 _a152 с.
955 _a0
041 _arus
080 _a629
260 _aКиев
_bНаукова думка
_c1977
044 _aUA
650 7 _2UDC
999 _c313069
_d313069